Actual Hot Fuzz Quiz - Statistics

General Stats
  • This quiz has been taken 135 times
  • The average score is 8 of 15
Answer Stats
Question Answer % Correct
Name of the Town Nicholas Moves to? sanford
91%
which movie in the cornetto trilogy is hot fuzz? 2
82%
Name of the citizen who calls in about the swan? Mr P. I. Staker
80%
who plays nicholarse angle? Simon Pegg
78%
name of his son, and nicholas' best friend? Danny Butterman
59%
who directed it? Edgar Wright
57%
What is sergeant fishers face painted as during the fete? Spiderman
54%
name of the police chief? Frank Butterman
51%
what is the name of the acronym of the cult who run the village? NWA
50%
who is cousin sissy? Simon Skinner
50%
what accent do the locals speak in? West Country
41%
Tim messengers time of death? 3pm
38%
What does Danny make as punishment for drunk driving? Chunky Monkey
36%
town it was filmed in? Wells
30%
Word nicholarse mishears prior to the crime scene involving Martin Blower and Eve Draper? decaffeinated
22%
No matching quizzes found
Score Distribution
Percent of People with Each Score
Percentile by Number Answered
Your Score History
You have not taken this quiz